| 000 | 00648nam a22001817a 4500 | ||
|---|---|---|---|
| 999 |
_c178603 _d178603 |
||
| 005 | 20210407155102.0 | ||
| 010 | _aENG-129388 | ||
| 020 |
_c499.00 _a978-93-903-2548-1 |
||
| 035 | _aEN-112920 | ||
| 037 | _bDBAD/PUB | ||
| 082 | _a483 | ||
| 245 | _aLongman Active Study Dictionary for Intermediate- Upper- Intermediate Learners | ||
| 250 | _a5th Updated | ||
| 260 |
_aNoida _bPearson _c2021 |
||
| 270 |
_a15th floor,Tower-B,Word Trade Tower,Plot no.1,Block-C sec 16, _bNoida _e201301 _k04466540100 _mcompanysecretary.india@pearson.com |
||
| 300 |
_aviii+988p.. _c22cm(pbk) _bincluding illustrations. |
||
| 942 |
_2ddc _cEN _h483 _mLON |
||